000
00341nam a2200157Ia 4500
003
Ost
005
20260225132537.0
008
260225s9999||||xx |||||||||||||| ||und||
040
_c
fsic
041
_a
fre
082
_a
302.224
100
_a
Claude chabrol
_e
Auteur
245
0
_a
Le secret /
245
0
_c
Claude chabrol
942
_c
كتاب
999
_c
33297
_d
33297